Koľščevyje dvuchfaznyje tečenija

Gespeichert in:
Bibliographische Detailangaben
Hauptverfasser: Hewitt, G.F (Verfasst von), Hall-Taylor, N. S. (Verfasst von)
Format: Buch
Sprache:Russisch
Veröffentlicht: Moskva : Energija, 1974
Schlagworte:
Tags: Tag hinzufügen
Keine Tags, Fügen Sie das erste Tag hinzu!

MARC

LEADER 00000nam a22000003a 4500
001 stu84572
005 20150617225631.9
008 040304s1974----xxr-----------------rus-d
040 |a STU  |b slo 
041 0 |a rus 
044 |a xxr 
080 |a 536.24 
100 1 |a Hewitt, G.F.  |4 aut 
245 1 |a Koľščevyje dvuchfaznyje tečenija 
260 |a Moskva :  |b Energija,  |c 1974 
300 |a 407 s 
650 7 |a prestup tepla  |2 stusub 
700 1 |a Hall-Taylor, N. S.  |4 aut 
996 |b 284J016930  |c J*41207  |l JJSK  |s A  |a 24  |w stu84572_0001